000 01649cam a2200301 4500
001 5551
005 20181127175742.0
008 110531s2011 nyub 000 1 eng
010 _a 2011021088
020 _a0307700186 (hardcover)
020 _a9780007456093
041 1 _aeng
_hpor
042 _apcc
100 1 _aCoelho, Paulo.
240 1 0 _aAleph.
_lEnglish
245 1 0 _aAleph /
_cPaulo Coelho ; translated from the Portuguese by Margaret Jull Costa.
250 _a1st American ed.
260 _aNew York :
_bAlfred A. Knopf,
_c2011.
300 _a269 p. :
_bmap ;
_c22 cm.
500 _a""This is A Borzoi book.""
520 _aAleph marks a return to the author's beginnings. In a frank and surprising personal story, one of the world's most beloved authors embarks on a remarkable and transformative journey of self discovery. Facing a grave crisis of faith, and seeking a path of spiritual renewal and growth, he decides to start over: to travel, to experiment, to reconnect with people and the world. On this journey through Europe, Africa, and Asia, he will again meet Hilal, the woman he loved 500 years before, an encounter that will initiate a mystical voyage through time and space, through past and present, in search of himself. Aleph is an encounter with our fears and our sins; a search for love and forgiveness, and the courage to confront the inevitable challenges of life.
650 0 _aAuthors
_xTravel
_vFiction.
650 0 _aReincarnation
_vFiction.
650 0 _aSelf-actualization (Psychology)
_vFiction.
655 7 _aAllegories.
_2gsafd
655 7 _aFantasy fiction.
_2gsafd
700 1 _aCosta, Margaret Jull.
999 _c4675
_d4675